[Event "EIRCC 2019"]
[Site "Tallinn"]
[Date "2019.12.06"]
[Round "9.4"]
[White "Motylev, Alexander"]
[Black "Usmanov, Vasily"]
[Result "1/2-1/2"]
[WhiteElo "2703"]
[BlackElo "2428"]
[Annotator "TA"]
[PlyCount "125"]
[EventDate "2019.12.05"]
[EventType "swiss"]
[EventCountry "EST"]
[SourceTitle "playchess.com"]
[Source "ChessBase"]
[SourceQuality "1"]

{[%evp 9,125,8,24,6,8,4,25,14,48,-6,33,26,29,31,30,46,48,11,36,32,35,34,33,13,8,20,21,28,28,26,20,29,23,0,0,0,0,-20,-16,-20,-20,-16,-6,-51,-45,-52,-50,-119,-119,-119,-118,-110,-81,-146,-116,-118,-114,-131,-108,-114,-104,-106,-105,-114,-112,-126,-124,-125,0,-123,-106,-122,-120,-120,-107,-120,-114,-119,-113,-122,-76,-76,-76,-76,-76,-76,-76,-76,-76,-76,-76,-76,-76,-76,-76,-76,-76,-99,-99,-99,-99,-99,-99,-99,-77,-99,-99,-99,-63,-63,-63,-99,-63,-63,-63,-63,-63,-63]} 1. e4 e5 2. Nf3 Nf6 3. d4 Nxe4 4. dxe5 d5 5. Nbd2 Qd7 6. Bd3 {C43: Petroff Defence: 3 d4} Nc5 7. Be2 Nc6 $146 ({Predecessor:} 7... g6 8. Nb3 Ne6 9. Be3 c5 10. Ng5 b6 11. Nxe6 fxe6 12. a4 Bb7 13. O-O {0-1 (40) Vitiugov,N (2735)-Caruana,F (2784) Karlsruhe/Baden-Baden 2018}) 8. O-O {White has an edge.} Be7 9. a3 (9. c3 $14) 9... Qf5 10. b4 Ne6 11. Re1 Nf4 12. Nf1 {[%cal Bd2f1,Bf1e3,Be3d5,Bd5c7][%mdl 32] Bb5 is the strong threat.} Nxe2+ 13. Qxe2 a6 14. Ne3 Qe4 15. Bb2 {Threatens to win with Nd2.} d4 16. Nxd4 (16. Nd2 $5 {[%cal Rd2e4]} Qg6 17. Nd5 $11) 16... Nxd4 17. Qc4 $1 {[%csl LRc7,LRd4][%mdl 64] [#] Double Attack} Nf3+ $1 {[%mdl 512]} 18. gxf3 Qxf3 19. Nd5 $1 ({Not} 19. Qxc7 $2 {[#]} Bh4 $1 $19 {[%mdl 512]}) 19... Bh3 {[%csl Gh3][%cal Rf3g2]} 20. Nxc7+ Kf8 {[%csl Gh3][%cal Rf3g2]} 21. Qe4 Qxe4 $40 {[%mdl 128] Black is up to no good.} 22. Rxe4 Rc8 23. Nd5 Rxc2 24. Bd4 h5 25. Re3 Bd7 26. Rd1 Bc6 27. Nxe7 Kxe7 28. Rg3 (28. Bc5+ $15 Ke6 29. Kf1) 28... Rd8 $17 {White must now prevent ...Rxd4!} 29. Rgd3 {Strongly threatening Bc5+.} Ke6 30. h3 g5 31. h4 ({White should play} 31. R1d2 Rc4 32. Rd1) 31... gxh4 32. Kh2 Rg8 33. R1d2 Rc1 {[%csl Gc6][%cal Rc1h1]} 34. Rd1 Rxd1 35. Rxd1 {[%mdl 4096] Endgame KRB-KRB} Rg4 36. Bb6 Kxe5 37. Kh3 Bg2+ 38. Kh2 Bc6 39. Kh3 $1 f5 40. Bc7+ Ke4 41. Bb6 Kf3 42. Rc1 Be4 43. Rc3+ Ke2 44. Re3+ Kf1 45. f3 Rg3+ 46. Kxh4 Rxf3 47. Kxh5 Rxe3 48. Bxe3 {KB-KB} Ke2 49. Bf4 b5 50. Kg5 Kd3 51. Bc7 Kc3 52. Kf4 Kb2 53. Ba5 Kxa3 54. Ke3 Kb3 55. Kf4 Kc4 56. Ke5 Kd3 57. Kf4 Kc3 58. Ke3 Bd5 59. Kf4 Be6 $1 60. Ke3 Bc8 61. Kf4 {Black is slightly better.} Kd4 62. Bb6+ Kd5 63. Ba5 {Accuracy: White = 57%, Black = 64%.} 1/2-1/2

[Event "EIRCC 2019"]
[Site "Tallinn"]
[Date "2019.12.06"]
[Round "9.5"]
[White "Sebenik, Matej"]
[Black "Demidov, Mikhail"]
[Result "1-0"]
[WhiteElo "2504"]
[BlackElo "2635"]
[Annotator "TA"]
[PlyCount "105"]
[EventDate "2019.12.05"]
[EventType "swiss"]
[EventCountry "EST"]
[SourceTitle "playchess.com"]
[Source "ChessBase"]
[SourceQuality "1"]

{[%evp 15,105,26,35,24,29,33,27,34,27,24,32,16,29,-72,-65,-43,-2,-37,-36,-34,-32,-47,-31,-34,0,0,0,0,0,0,0,0,31,31,26,24,50,47,112,95,105,102,183,183,184,77,69,76,93,100,100,100,100,91,125,100,170,170,162,162,233,209,273,186,186,0,276,276,276,269,269,243,248,255,281,303,641,596,4963,4963,4963,85,4963,4956,4956,4952,4710,1482,1450,1389,1317,1123]} 1. d4 d5 2. c4 c6 3. Nf3 e6 4. e3 f5 5. Bd3 Nf6 6. O-O Bd6 7. b3 Qe7 8. Bb2 O-O 9. Nc3 {A84: Dutch Defence: 2 c4 Miscellaneous} Ne4 10. Ne2 b6 11. Rc1 {White has an edge.} Bb7 12. Ne5 Nd7 13. f3 {[#]} Nef6 $146 ({Predecessor:} 13... Nec5 14. Bb1 Nxe5 15. dxe5 Bb8 16. cxd5 cxd5 {1-0 (30) Matlakov,M (2691)-Richter,M (2505) Germany 2016}) 14. cxd5 (14. Nf4 $11) 14... Nxd5 $17 15. Nc4 $1 Bc7 {White must now prevent ...b5.} (15... Ba6 $5 {[%cal Ra6c4]} 16. Qd2 (16. Nxd6 Nxe3 {[%mdl 64] Double Attack} 17. Qd2 Nxf1 $17) 16... Bb4 $15) 16. e4 fxe4 17. fxe4 Rxf1+ ({Weaker is} 17... Qh4 18. g3 $16) 18. Qxf1 Rf8 19. Qe1 b5 (19... Nf4 {seems wilder.} 20. Nxf4 Bxf4 21. Rc2 c5 22. g3 Bc7) 20. exd5 bxc4 21. bxc4 exd5 22. Ng3 Qxe1+ 23. Rxe1 Bxg3 24. hxg3 Ba6 25. Ba3 Rd8 26. Bf5 Nf8 (26... Nf6 $1 $14) 27. cxd5 $16 cxd5 28. Re7 Ra8 {[#]} (28... Bc8 $16 29. Bc2 Bd7) 29. Bd6 $1 $18 {[%cal Rd6e5]} Ng6 30. Bxg6 (30. Be6+ $18 {and White stays clearly on top.} Kh8 31. Bxd5 Nxe7 32. Bxa8) 30... hxg6 {[%mdl 4096] Endgame KRB-KRB} 31. Be5 Bd3 32. Rxg7+ Kf8 33. Rh7 {And now Rh8+ would win.} Re8 34. Rxa7 Rc8 35. Kf2 Rc2+ (35... Rc6 $16 36. Ke3 Bc4) 36. Ke3 Bc4 37. a4 g5 {[#]} (37... Ke8 $142 38. Kf4 Rxg2) 38. a5 $1 {Threatens to win with a6.} Ra2 39. Bd6+ Kg8 40. Be5 (40. g4 $142) 40... Kf8 41. Bf6 Re2+ 42. Kf3 Re4 43. Bxg5 Rxd4 44. a6 {[%cal Ba5a6,Ba6a7][%mdl 32]} Rd3+ 45. Kf4 Rd2 $2 (45... d4 46. Be7+ Ke8) 46. Ke5 Re2+ 47. Kf6 Ke8 48. Ra8+ Kd7 49. a7 {White is clearly winning.} Re6+ 50. Kf5 {White threatens Rd8+ and mate.} Bd3+ 51. Kf4 {Rd8+ would kill now.} Re4+ 52. Kf3 {Threatening mate with Rd8+.} Ra4 53. Rd8+ {Accuracy: White = 75%, Black = 48%.} 1-0

[Event "EIRCC 2019"]
[Site "Tallinn"]
[Date "2019.12.06"]
[Round "9.6"]
[White "Potapov, Pavel"]
[Black "Lysyj, Igor"]
[Result "1/2-1/2"]
[WhiteElo "2482"]
[BlackElo "2599"]
[Annotator "ChessBase"]
[PlyCount "30"]
[EventDate "2019.12.05"]
[EventType "swiss"]
[EventCountry "EST"]
[SourceTitle "playchess.com"]
[Source "ChessBase"]
[SourceQuality "1"]
[TimeControl "900+10"]

1. e4 {[%emt 0:00:00]} e5 {[%emt 0:00:00]} 2. Nf3 {[%emt 0:00:00]} Nc6 {[%emt 0:00:00]} 3. Bb5 {[%emt 0:00:00]} Nf6 {[%emt 0:00:00]} 4. O-O {[%emt 0:00:07]} Nxe4 {[%emt 0:00:00]} 5. d4 {[%emt 0:00:16]} Nd6 {[%emt 0:00:00]} 6. dxe5 {[%emt 0:00:08]} Nxb5 {[%emt 0:00:00]} 7. a4 {[%emt 0:00:01]} Nbd4 {[%emt 0:00:04]} 8. Nxd4 {[%emt 0:00:02]} d6 {[%emt 0:00:01]} 9. exd6 {[%emt 0:00:09]} Bxd6 {[%emt 0:00:09]} 10. Nxc6 {[%emt 0:00:26]} bxc6 {[%emt 0:00:02]} 11. Re1+ {[%emt 0:00:22]} Be6 {[%emt 0:00:04]} 12. Qf3 {[%emt 0:00:27]} O-O {[%emt 0:00:08]} 13. Nc3 {[%emt 0:00:57]} Qh4 {[%emt 0:01:16]} 14. h3 {[%emt 0:01:08]} Rfe8 {[%emt 0:00:52]} 15. Bd2 {[%emt 0:01:50]} Qd4 {[%emt 0:04:27]} 1/2-1/2

[Event "EIRCC 2019"]
[Site "Tallinn"]
[Date "2019.12.06"]
[Round "9.7"]
[White "Lazavik, Denis"]
[Black "Esipenko, Andrey"]
[Result "1/2-1/2"]
[WhiteElo "2201"]
[BlackElo "2590"]
[Annotator "ChessBase"]
[PlyCount "62"]
[EventDate "2019.12.05"]
[EventType "swiss"]
[EventCountry "EST"]
[SourceTitle "playchess.com"]
[Source "ChessBase"]
[SourceQuality "1"]
[TimeControl "900+10"]

1. d4 {[%emt 0:00:00]} Nf6 {[%emt 0:00:00]} 2. c4 {[%emt 0:00:00]} e6 {[%emt 0:00:00]} 3. Nf3 {[%emt 0:00:05]} d5 {[%emt 0:00:00]} 4. Nc3 {[%emt 0:00:06]} Be7 {[%emt 0:00:00]} 5. Bg5 {[%emt 0:00:12]} O-O {[%emt 0:00:00]} 6. e3 {[%emt 0:00:06]} h6 {[%emt 0:00:00]} 7. Bh4 {[%emt 0:00:08]} b6 {[%emt 0:00:00]} 8. Bd3 {[%emt 0:00:10]} Bb7 {[%emt 0:00:03]} 9. O-O {[%emt 0:00:08]} Nbd7 {[%emt 0:00:15]} 10. Qe2 {[%emt 0:00:07]} c5 {[%emt 0:00:29]} 11. Rfd1 {[%emt 0:00:09]} Ne4 {[%emt 0:00:17]} 12. Bxe7 {[%emt 0:00:15]} Qxe7 {[%emt 0:00:03]} 13. cxd5 {[%emt 0:00:10]} exd5 {[%emt 0:00:10]} 14. a4 {[%emt 0:00:10]} Ndf6 {[%emt 0:01:39]} 15. a5 {[%emt 0:03:05]} cxd4 {[%emt 0:00:16]} 16. Nxd4 {[%emt 0:00:35]} Nxc3 {[%emt 0:01:00]} 17. bxc3 {[%emt 0:00:04]} bxa5 {[%emt 0:00:14]} 18. Rxa5 {[%emt 0:00:21]} Qc7 {[%emt 0:00:02]} 19. Qa2 {[%emt 0:00:53]} Ng4 {[%emt 0:01:10]} 20. g3 {[%emt 0:00:54]} a6 {[%emt 0:04:50]} 21. Bxa6 {[%emt 0:02:53]} Nf6 {[%emt 0:00:49]} 22. Ra1 {[%emt 0:01:47]} Rxa6 {[%emt 0:00:08]} 23. Rxa6 {[%emt 0:00:03]} Bxa6 {[%emt 0:00:01]} 24. Qxa6 {[%emt 0:00:04]} Qxc3 {[%emt 0:00:02]} 25. Qa3 {[%emt 0:00:15]} Qc8 {[%emt 0:00:05]} 26. Kg2 {[%emt 0:00:37]} Qg4 {[%emt 0:00:34]} 27. Qd3 {[%emt 0:00:10]} Rc8 {[%emt 0:00:44]} 28. Qf5 {[%emt 0:00:47]} Qxf5 {[%emt 0:00:32]} 29. Nxf5 {[%emt 0:00:03]} Rc2 {[%emt 0:00:02]} 30. Nd4 {[%emt 0:00:03]} Rb2 {[%emt 0:00:02]} 31. Rc1 {[%emt 0:00:09]} g6 {[%emt 0:00:08]} 1/2-1/2

[Event "EIRCC 2019"]
[Site "Tallinn"]
[Date "2019.12.06"]
[Round "9.8"]
[White "Saric, Ante"]
[Black "Kozak, Adam"]
[Result "1/2-1/2"]
[WhiteElo "2538"]
[BlackElo "2240"]
[Annotator "ChessBase"]
[PlyCount "29"]
[EventDate "2019.12.05"]
[EventType "swiss"]
[EventCountry "EST"]
[SourceTitle "playchess.com"]
[Source "ChessBase"]
[SourceQuality "1"]
[TimeControl "900+10"]

1. Nf3 {[%emt 0:00:00]} Nf6 {[%emt 0:02:03]} 2. c4 {[%emt 0:00:00]} e6 {[%emt 0:00:04]} 3. g3 {[%emt 0:00:00]} b6 {[%emt 0:00:00]} 4. Bg2 {[%emt 0:00:00]} Bb7 {[%emt 0:00:01]} 5. O-O {[%emt 0:00:05]} Be7 {[%emt 0:00:02]} 6. b3 {[%emt 0:00:01]} O-O {[%emt 0:00:11]} 7. Bb2 {[%emt 0:00:01]} c5 {[%emt 0:00:01]} 8. Nc3 {[%emt 0:00:02]} d5 {[%emt 0:00:06]} 9. Ne5 {[%emt 0:00:02]} Nc6 {[%emt 0:02:03]} 10. Nxc6 {[%emt 0:00:11]} Bxc6 {[%emt 0:00:02]} 11. d4 {[%emt 0:00:06]} Rc8 {[%emt 0:00:30]} 12. dxc5 {[%emt 0:00:18]} dxc4 {[%emt 0:00:10]} 13. Bxc6 {[%emt 0:00:41]} Rxc6 {[%emt 0:00:13]} 14. cxb6 {[%emt 0:00:09]} axb6 {[%emt 0:00:29]} 15. bxc4 {[%emt 0:02:16]} 1/2-1/2

[Event "EIRCC 2019"]
[Site "Tallinn"]
[Date "2019.12.06"]
[Round "9.9"]
[White "Nguyen, Thai Dai Van"]
[Black "Hjartarson, Johann"]
[Result "1-0"]
[WhiteElo "2364"]
[BlackElo "2534"]
[Annotator "ChessBase"]
[PlyCount "57"]
[EventDate "2019.12.05"]
[EventType "swiss"]
[EventCountry "EST"]
[SourceTitle "playchess.com"]
[Source "ChessBase"]
[SourceQuality "1"]
[TimeControl "900+10"]

1. d4 {[%emt 0:00:00]} Nf6 {[%emt 0:00:00]} 2. c4 {[%emt 0:00:00]} e6 {[%emt 0:00:00]} 3. Nc3 {[%emt 0:00:00]} Bb4 {[%emt 0:00:07]} 4. Qc2 {[%emt 0:00:10]} O-O {[%emt 0:00:18]} 5. e4 {[%emt 0:00:02]} c5 {[%emt 0:00:32]} 6. e5 {[%emt 0:03:48]} Ne8 {[%emt 0:00:18]} 7. a3 {[%emt 0:02:03]} Bxc3+ {[%emt 0:00:06]} 8. bxc3 {[%emt 0:00:01]} Nc6 {[%emt 0:00:19]} 9. Nf3 {[%emt 0:00:04]} d6 {[%emt 0:00:26]} 10. exd6 {[%emt 0:01:36]} Nxd6 {[%emt 0:00:15]} 11. Bd3 {[%emt 0:00:02]} f5 {[%emt 0:00:58]} 12. O-O {[%emt 0:00:27]} b6 {[%emt 0:00:23]} 13. Re1 {[%emt 0:00:08]} Na5 {[%emt 0:03:54]} 14. Bg5 {[%emt 0:01:41]} Qe8 {[%emt 0:02:24]} 15. d5 {[%emt 0:01:42]} Naxc4 {[%emt 0:00:19]} 16. Qe2 {[%emt 0:01:12]} exd5 {[%emt 0:04:06]} 17. Bxc4 {[%emt 0:00:07]} dxc4 {[%emt 0:00:03]} 18. Be7 {[%emt 0:00:01]} Ne4 {[%emt 0:00:14]} 19. Bxf8 {[%emt 0:00:07]} Qxf8 {[%emt 0:00:27]} 20. Nd2 {[%emt 0:01:17]} Bb7 {[%emt 0:01:39]} 21. Nxe4 {[%emt 0:00:11]} fxe4 {[%emt 0:00:19]} 22. Qxc4+ {[%emt 0:00:02]} Kh8 {[%emt 0:00:02]} 23. Rad1 {[%emt 0:01:12]} Qf6 {[%emt 0:00:02]} 24. Qe2 {[%emt 0:02:19]} Qxc3 {[%emt 0:00:24]} 25. Rd7 {[%emt 0:00:02]} Bc6 {[%emt 0:00:22]} 26. Rd6 {[%emt 0:00:00]} Bb5 {[%emt 0:00:23]} 27. Red1 {[%emt 0:00:46]} Bd3 {[%emt 0:00:05]} 28. Qxe4 {[%emt 0:00:07]} c4 {[%emt 0:00:01]} 29. Qxa8# {[%emt 0:00:01]} 1-0

[Event "EIRCC 2019"]
[Site "Tallinn"]
[Date "2019.12.06"]
[Round "9.10"]
[White "Guseinov, Gadir"]
[Black "Sipila, Vilka"]
[Result "1/2-1/2"]
[WhiteElo "2691"]
[BlackElo "2380"]
[Annotator "TA"]
[PlyCount "118"]
[EventDate "2019.12.05"]
[EventType "swiss"]
[EventCountry "EST"]
[SourceTitle "playchess.com"]
[Source "ChessBase"]
[SourceQuality "1"]

{[%evp 10,118,11,22,16,22,25,18,23,29,31,31,29,31,41,25,32,23,25,0,17,0,0,0,0,0,0,0,0,0,268,251,340,332,332,332,332,332,328,337,308,0,0,-79,-82,-277,0,0,0,0,0,0,0,0,0,0,0,0,0,0,0,0,-5,-10,0,0,0,0,0,0,0,0,0,-33,-31,-44,-45,-37,-8,-186,-176,-160,-117,-110,-108,-122,0,0,0,0,0,0,0,0,0,0,0,0,0,0,0,0,0,0,0,0,0,0,0,0,0]} 1. e4 e6 2. d4 d5 3. Nd2 c5 4. Ngf3 cxd4 5. exd5 Qxd5 6. Bc4 Qd7 {C07: French Tarrasch: 3...c5, 4 Ngf3 and 4 exd5 Qxd5} 7. O-O Nc6 8. Nb3 {[%cal Rb3d4]} Nf6 9. Nbxd4 Nxd4 10. Nxd4 a6 11. Bg5 Bc5 12. Bxf6 gxf6 13. c3 {[#]} Qc7 $146 ({Predecessor:} 13... O-O 14. Qg4+ {1-0 (28) Rublevsky,S (2698)-Goganov,A (2604) St Petersburg 2014}) 14. Re1 Bd7 15. b4 Be7 16. Bxe6 Bxe6 17. Nxe6 fxe6 18. Qh5+ Kf8 19. Rxe6 Kg7 $2 {[%mdl 8192]} (19... Qxc3 $11 {and Black is okay.} 20. Rb1 (20. Rae1 Bxb4 21. Re8+ Rxe8 $11) 20... Rc8) 20. Rae1 $18 Rhe8 21. R1e3 Qd7 22. h3 Kh8 23. Qf7 (23. Qe2 Qb5 $18) 23... Qd1+ 24. Re1 Qd5 25. R1e4 $2 (25. g3 $18) 25... Qd1+ $1 $11 26. Kh2 (26. Re1 $11 {remains equal.} Qd5 27. g3) 26... Bd6+ $17 27. f4 $2 {[#]} (27. g3 $17 {was forced.} Rf8 28. Qxb7) 27... Rxe6 $2 (27... Rf8 $1 $19 {[%cal Rf8f7]} 28. Qxb7 Qd2 {[%mdl 64] Double Attack} 29. Rxd6 Qxd6) 28. Qxe6 $11 Bf8 $1 29. Rd4 $36 {[%mdl 2048] White has good play.} Qh5 $1 30. Qxf6+ Kg8 31. Rd7 b5 32. Qe6+ (32. c4 $5) 32... Kh8 33. Qf6+ Kg8 34. Qe6+ Kh8 35. Qe4 Re8 36. Rxh7+ Qxh7 37. Qxe8 Qf5 38. Kg3 Kh7 39. Qe3 Bg7 40. Qa7 Qf6 41. Kg4 Qg6+ 42. Kf3 $1 Qc6+ {[%mdl 64] Double Attack} 43. Kf2 $1 Qxc3 44. g3 $2 (44. Qd7 $11) 44... Qd2+ ({Resist} 44... Qxb4 45. Qf7 $17) 45. Kf3 Qxa2 46. Qd7 {[#]} Qb3+ $1 47. Kg4 Qxb4 ({Black should play} 47... Qg8 $17 48. h4 Qf8) 48. Qf5+ {The position is equal.} Kh8 49. Qh5+ Kg8 50. Qd5+ Kf8 {...Bf6 is the strong threat.} 51. Qd8+ Kf7 {Strongly threatening ...Qe7.} 52. Qd5+ Ke8 53. Qa8+ Ke7 54. Qb7+ Kf8 55. Qa8+ Kf7 56. Qd5+ Ke7 {Hoping for ...Qd6.} 57. Qb7+ {[%mdl 64] Double Attack} Kf8 {Threatens to win with ...Qd6.} 58. Qa8+ Ke7 {White must now prevent ...Qd6.} (58... Kf7 $5 59. Qd5+ $8 $11) 59. Qb7+ Kf8 {Accuracy: White = 61%, Black = 69%.} 1/2-1/2

[Event "EIRCC 2019"]
[Site "Tallinn"]
[Date "2019.12.06"]
[Round "9.11"]
[White "Riazantsev, Alexander"]
[Black "Potapov, Alexander"]
[Result "1/2-1/2"]
[WhiteElo "2594"]
[BlackElo "2359"]
[Annotator "ChessBase"]
[PlyCount "67"]
[EventDate "2019.12.05"]
[EventType "swiss"]
[EventCountry "EST"]
[SourceTitle "playchess.com"]
[Source "ChessBase"]
[SourceQuality "1"]
[TimeControl "900+10"]

1. d4 {[%emt 0:04:16]} f5 {[%emt 0:00:25]} 2. g3 {[%emt 0:00:02]} Nf6 {[%emt 0:00:03]} 3. Bg2 {[%emt 0:00:00]} g6 {[%emt 0:00:02]} 4. Nd2 {[%emt 0:00:02]} Bg7 {[%emt 0:00:07]} 5. e4 {[%emt 0:00:01]} fxe4 {[%emt 0:00:06]} 6. Nxe4 {[%emt 0:00:02]} Nxe4 {[%emt 0:01:03]} 7. Bxe4 {[%emt 0:00:01]} d5 {[%emt 0:00:01]} 8. Bg2 {[%emt 0:00:01]} c5 {[%emt 0:01:50]} 9. dxc5 {[%emt 0:00:29]} d4 {[%emt 0:00:20]} 10. Nf3 {[%emt 0:00:47]} Qa5+ {[%emt 0:00:21]} 11. Bd2 {[%emt 0:01:09]} Qxc5 {[%emt 0:00:03]} 12. O-O {[%emt 0:00:01]} Nc6 {[%emt 0:00:23]} 13. c3 {[%emt 0:01:18]} O-O {[%emt 0:01:14]} 14. Qb3+ {[%emt 0:01:17]} Kh8 {[%emt 0:02:24]} 15. cxd4 {[%emt 0:00:01]} Nxd4 {[%emt 0:00:03]} 16. Nxd4 {[%emt 0:00:01]} Bxd4 {[%emt 0:00:03]} 17. Rac1 {[%emt 0:00:02]} Qb6 {[%emt 0:00:20]} 18. Bc3 {[%emt 0:00:08]} e5 {[%emt 0:00:05]} 19. Bxd4 {[%emt 0:04:28]} exd4 {[%emt 0:00:02]} 20. Rfd1 {[%emt 0:00:26]} Qxb3 {[%emt 0:04:56]} 21. axb3 {[%emt 0:00:01]} Rd8 {[%emt 0:00:01]} 22. Rd2 {[%emt 0:02:43]} Be6 {[%emt 0:00:20]} 23. b4 {[%emt 0:00:21]} Rd7 {[%emt 0:00:03]} 24. f4 {[%emt 0:00:21]} Rad8 {[%emt 0:00:03]} 25. Kf2 {[%emt 0:00:02]} Kg7 {[%emt 0:00:06]} 26. Rc5 {[%emt 0:00:06]} Kf6 {[%emt 0:00:13]} 27. Be4 {[%emt 0:00:06]} b6 {[%emt 0:00:38]} 28. Re5 {[%emt 0:00:01]} Rc7 {[%emt 0:00:31]} 29. Bd3 {[%emt 0:00:46]} Rc1 {[%emt 0:00:38]} 30. Rde2 {[%emt 0:00:19]} Bg4 {[%emt 0:00:13]} 31. Re1 {[%emt 0:00:03]} Rdc8 {[%emt 0:00:51]} 32. Re7 {[%emt 0:00:05]} Rxe1 {[%emt 0:00:16]} 33. Rxe1 {[%emt 0:00:01]} Bf5 {[%emt 0:00:12]} 34. Rd1 {[%emt 0:00:36] Ke5} 1/2-1/2

[Event "EIRCC 2019"]
[Site "Tallinn"]
[Date "2019.12.06"]
[Round "9.12"]
[White "Kourousis, Epaminondas"]
[Black "Stupak, Kirill"]
[Result "1/2-1/2"]
[WhiteElo "2392"]
[BlackElo "2552"]
[Annotator "TA"]
[PlyCount "97"]
[EventDate "2019.12.05"]
[EventType "swiss"]
[EventCountry "EST"]
[SourceTitle "playchess.com"]
[Source "ChessBase"]
[SourceQuality "1"]

{[%evp 12,97,43,47,62,55,44,28,40,18,35,38,42,37,66,66,71,57,96,73,98,98,91,93,95,82,123,93,139,127,173,106,112,112,144,129,154,129,129,121,131,126,122,127,130,117,118,106,117,102,106,122,118,79,116,56,58,53,63,10,55,60,73,56,67,35,71,10,30,0,0,0,19,0,0,0,0,0,0,0,29,0,0,0,53,0,0,0]} 1. Nf3 g6 2. d4 Bg7 3. e4 d6 4. c3 Nf6 5. Bd3 O-O 6. O-O c6 7. h3 Qc7 {B07: Pirc Defence: Miscellaneous Systems} 8. Re1 e5 9. Nbd2 Nbd7 {White has an edge.} 10. Nf1 Re8 11. Ng3 Nf8 (11... b6 12. Bg5 h6 13. Bd2 Bb7 14. a4 Rad8 15. Qc1 {½-½ (40) Van Foreest,J (2612)-Mamedyarov,S (2817) Wijk aan Zee 2019}) 12. Be3 h6 13. Qd2 $36 {[%mdl 2048] White is more active.} Kh7 14. Rad1 $146 ({Predecessor:} 14. c4 Ne6 15. d5 {0-1 (59) Schuh,D (2322)-Cekro,E (2367) Germany 2015}) 14... Be6 15. c4 Rad8 16. d5 Bc8 17. b4 b6 18. a4 {[%cal Ba2a4,Ba4a5][%mdl 32]} Bd7 19. Ra1 Rb8 20. a5 c5 21. Ra2 (21. b5 $18) 21... Bc8 22. Ne2 {[%cal Bg3e2,Be2c3,Bc3b5][%mdl 32]} N8d7 23. axb6 Rxb6 24. Nc3 Rxb4 25. Nb5 Qb8 26. Nxa7 {Strongly threatening Nc6.} Rb7 27. Rea1 Nb6 28. Qc2 Bd7 29. Nd2 Qc7 30. Nb5 Bxb5 31. cxb5 Nfd7 32. f3 Rc8 33. Nc4 ({White should play} 33. Bf1 $16) 33... Nxc4 $14 34. Bxc4 Nb6 35. Ra6 (35. Bd3 $14) 35... Rcb8 36. Bf1 h5 37. Qc1 Qd8 38. Qd2 Qf8 39. Ra7 (39. g4 $16) 39... Bh6 $1 $11 40. R1a6 Bxe3+ 41. Qxe3 Qh6 42. Qc3 Kg7 43. Kf2 h4 44. Rxb7 Rxb7 45. Qa5 Nc8 46. Ra8 Nb6 47. Ra6 Nc8 48. Ra8 (48. Rc6 $1 $14 Rb8 49. Be2) 48... Nb6 49. Ra6 {Accuracy: White = 40%, Black = 57%.} 1/2-1/2

[Event "EIRCC 2019"]
[Site "Tallinn"]
[Date "2019.12.06"]
[Round "9.13"]
[White "Shubin, Kirill"]
[Black "Belyakov, Bogdan"]
[Result "1/2-1/2"]
[WhiteElo "2321"]
[BlackElo "2520"]
[Annotator "ChessBase"]
[PlyCount "53"]
[EventDate "2019.12.05"]
[EventType "swiss"]
[EventCountry "EST"]
[SourceTitle "playchess.com"]
[Source "ChessBase"]
[SourceQuality "1"]
[TimeControl "900+10"]

1. e4 {[%emt 0:00:00]} e5 {[%emt 0:00:56]} 2. Nf3 {[%emt 0:00:00]} Nc6 {[%emt 0:00:02]} 3. Bb5 {[%emt 0:00:00]} Nf6 {[%emt 0:00:02]} 4. O-O {[%emt 0:00:00]} Nxe4 {[%emt 0:00:02]} 5. d4 {[%emt 0:00:00]} Nd6 {[%emt 0:00:02]} 6. Bxc6 {[%emt 0:00:00]} dxc6 {[%emt 0:00:02]} 7. dxe5 {[%emt 0:00:01]} Nf5 {[%emt 0:00:01]} 8. Qxd8+ {[%emt 0:00:02]} Kxd8 {[%emt 0:00:01]} 9. Nc3 {[%emt 0:00:01]} Ke8 {[%emt 0:00:02]} 10. h3 {[%emt 0:00:12]} h5 {[%emt 0:00:03]} 11. Bg5 {[%emt 0:00:07]} Be6 {[%emt 0:00:26]} 12. a3 {[%emt 0:00:05]} Be7 {[%emt 0:01:11]} 13. Rfd1 {[%emt 0:00:20]} h4 {[%emt 0:01:06]} 14. Ne4 {[%emt 0:01:46]} Bd5 {[%emt 0:00:34]} 15. Re1 {[%emt 0:00:04]} Rd8 {[%emt 0:02:22]} 16. Rac1 {[%emt 0:00:37]} b6 {[%emt 0:01:28]} 17. b4 {[%emt 0:02:39]} Rd7 {[%emt 0:02:07]} 18. Nfd2 {[%emt 0:03:37]} Rh5 {[%emt 0:01:30]} 19. Bf4 {[%emt 0:00:42]} Be6 {[%emt 0:00:02]} 20. Nf3 {[%emt 0:00:33]} Nd4 {[%emt 0:00:22]} 21. Nd6+ {[%emt 0:01:23]} cxd6 {[%emt 0:00:29]} 22. Nxd4 {[%emt 0:00:03]} dxe5 {[%emt 0:00:11]} 23. Nxe6 {[%emt 0:00:33]} fxe6 {[%emt 0:00:03]} 24. Bxe5 {[%emt 0:00:13]} Kf7 {[%emt 0:00:15]} 25. Re2 {[%emt 0:00:54]} Bf6 {[%emt 0:01:13]} 26. Bxf6 {[%emt 0:01:08]} gxf6 {[%emt 0:00:03]} 27. Rce1 {[%emt 0:00:03]} 1/2-1/2

[Event "EIRCC 2019"]
[Site "Tallinn"]
[Date "2019.12.06"]
[Round "9.14"]
[White "Lintchevski, Daniil"]
[Black "Dordzhieva, Dinara"]
[Result "1/2-1/2"]
[WhiteElo "2515"]
[BlackElo "2310"]
[Annotator "ChessBase"]
[PlyCount "40"]
[EventDate "2019.12.05"]
[EventType "swiss"]
[EventCountry "EST"]
[SourceTitle "playchess.com"]
[Source "ChessBase"]
[SourceQuality "1"]
[TimeControl "900+10"]

1. Nf3 {[%emt 0:00:00]} Nf6 {[%emt 0:00:05]} 2. c4 {[%emt 0:00:00]} e6 {[%emt 0:00:05]} 3. Nc3 {[%emt 0:00:14]} d5 {[%emt 0:00:01]} 4. d4 {[%emt 0:00:04]} dxc4 {[%emt 0:00:07]} 5. e3 {[%emt 0:00:10]} a6 {[%emt 0:00:04]} 6. a4 {[%emt 0:00:27]} c5 {[%emt 0:00:48]} 7. Bxc4 {[%emt 0:00:04]} Be7 {[%emt 0:00:35]} 8. O-O {[%emt 0:00:06]} O-O {[%emt 0:00:03]} 9. Qe2 {[%emt 0:00:34]} Nc6 {[%emt 0:00:42]} 10. Rd1 {[%emt 0:00:11]} cxd4 {[%emt 0:00:00]} 11. exd4 {[%emt 0:00:03]} Nb4 {[%emt 0:00:22]} 12. Ne5 {[%emt 0:00:20]} b6 {[%emt 0:00:55]} 13. Qf3 {[%emt 0:01:25]} Rb8 {[%emt 0:00:53]} 14. Qg3 {[%emt 0:00:13]} Bb7 {[%emt 0:00:20]} 15. Bh6 {[%emt 0:00:21]} Ne8 {[%emt 0:00:09]} 16. Be3 {[%emt 0:04:39]} Rc8 {[%emt 0:00:53]} 17. Bb3 {[%emt 0:00:01]} Nf6 {[%emt 0:00:11]} 18. Bh6 {[%emt 0:00:24]} Ne8 {[%emt 0:00:02]} 19. Be3 {[%emt 0:00:06]} Nf6 {[%emt 0:00:14]} 20. Bh6 {[%emt 0:00:18]} Ne8 {[%emt 0:00:17]} 1/2-1/2